000
00325 a2200109 4500
001
ART_28075
005
20260410161951.0
008
260409a
245
1
0
_a
Notes on optimal debt management
100
1
_a
Barro, Robert J.
773
0
_t
Journal of applied economics
_g
- Vol. 2, NÂș 2 (nov. 1999)
_w
REV28044
999
_c
30359
_d
30359